Pensiones y portafolios : (Registro nro. 5662)
[ vista simple ]
| 000 -LEADER | |
|---|---|
| fixed length control field | 01424nam a2200265Ia 4500 |
| 003 - CONTROL NUMBER IDENTIFIER | |
| control field | OSt |
| 005 - DATE AND TIME OF LATEST TRANSACTION | |
| control field | 20200621004715.0 |
| 008 - FIXED-LENGTH DATA ELEMENTS--GENERAL INFORMATION | |
| fixed length control field | 191128s2009 ck ad fr 000 0dspa d |
| 020 ## - INTERNATIONAL STANDARD BOOK NUMBER | |
| International Standard Book Number | 9789587104745 |
| 040 ## - CATALOGING SOURCE | |
| Original cataloging agency | CO-JMCR |
| Transcribing agency | CO-JMCR |
| 041 0# - LANGUAGE CODE | |
| Language code of text/sound track or separate title | spa |
| 082 04 - DEWEY DECIMAL CLASSIFICATION NUMBER | |
| Classification number | 332.67254 / |
| Item number | L343p |
| Edition number | 23 |
| 100 1# - MAIN ENTRY--PERSONAL NAME | |
| Personal name | Laserna Jaramillo, Juan Mario, |
| Relator term | editor |
| 9 (RLIN) | 5933 |
| 245 10 - TITLE STATEMENT | |
| Title | Pensiones y portafolios : |
| Remainder of title | construcción de una política pública / |
| Statement of responsibility, etc. | Juan Mario Laserna Jaramillo, Carolina Gómez Restrepo, editores |
| 250 ## - EDITION STATEMENT | |
| Edition statement | Primera edición |
| 260 ## - PUBLICATION, DISTRIBUTION, ETC. | |
| Place of publication, distribution, etc. | Bogotá : |
| Name of publisher, distributor, etc. | Banco de la República ; Universidad Externado de Colombia, |
| Date of publication, distribution, etc. | 2009 |
| 300 ## - PHYSICAL DESCRIPTION | |
| Extent | 820 páginas : |
| Other physical details | gráficos a blanco y negro ; |
| Dimensions | 25 cm. |
| 505 0# - FORMATTED CONTENTS NOTE | |
| Formatted contents note | Eficiencia de los portafolios de los fondos de pensiones obligatorias -- Impacto de la regulación en las decisiones de inversión de las administradoras de los fondos de pensiones obligatorias. |
| 520 ## - SUMMARY, ETC. | |
| Summary, etc. | "Esta obra es una novedad en la literatura económica colombiana porque es un análisis financiero de un problema que nos compete a todos los colombianos, el de las pensiones, llevado a cabo con altos estándares de calidad técnica y responsabilidad." |
| 650 14 - SUBJECT ADDED ENTRY--TOPICAL TERM | |
| Topical term or geographic name entry element | Fondos de pensiones |
| Geographic subdivision | Colombia |
| 9 (RLIN) | 5934 |
| 650 14 - SUBJECT ADDED ENTRY--TOPICAL TERM | |
| Topical term or geographic name entry element | Portafolio de inversiones |
| Geographic subdivision | Colombia |
| 9 (RLIN) | 5935 |
| 650 14 - SUBJECT ADDED ENTRY--TOPICAL TERM | |
| Topical term or geographic name entry element | Administradoras de fondos de pensiones |
| 9 (RLIN) | 5936 |
| 700 1# - ADDED ENTRY--PERSONAL NAME | |
| Personal name | Gómez Restrepo, Carolina, |
| Relator term | editora |
| 9 (RLIN) | 5937 |
| 942 ## - ADDED ENTRY ELEMENTS (KOHA) | |
| Source of classification or shelving scheme | Dewey Decimal Classification |
| Koha item type | Books |
| Withdrawn status | Lost status | Source of classification or shelving scheme | Damaged status | Not for loan | Collection code | Home library | Current library | Date acquired | Source of acquisition | Cost, normal purchase price | Total Checkouts | Full call number | Barcode | Date last seen | Copy number | Koha item type |
|---|---|---|---|---|---|---|---|---|---|---|---|---|---|---|---|---|
| Dewey Decimal Classification | Non-fiction | Biblioteca Pública José María del Castillo y Rada | Biblioteca Pública José María del Castillo y Rada | 04/15/2018 | Donación | 0.00 | 332.67254 / L343p | 430003250 | 05/16/2024 | Ej.1 | Books |